| 000 | 00632nam a22002172 4500 | ||
|---|---|---|---|
| 001 | 0000012793 | ||
| 005 | 20151217145857.0 | ||
| 008 | 090320s xx 000 0 eng d | ||
| 020 | _a0199299706 : | ||
| 040 |
_aKABU _cKABU |
||
| 100 | 1 |
_aBen-Naim, Arieh. _@0000169729 |
|
| 245 | 1 | 0 |
_aMolecular theory of solutions / _cArieh Ben-Naim. |
| 250 | _a1st ed. | ||
| 260 |
_aOxford : _bO. U. P., _c2006. |
||
| 300 | _axvii, 380 p. | ||
| 650 | 0 |
_aSolutions (Chemistry) _@0000169730 |
|
| 650 | 0 |
_aMolecular theory. _@0000154303 |
|
| 852 | 1 | _9p3862.50 KES | |
| 908 | _a090320 | ||
| 950 | _@1 | ||
| 999 |
_c3612 _d3612 |
||